000 00314nam a2200121Ia 4500
005 20251222154359.0
008 251222s9999||||xx |||||||||||||| ||spa||
020 _a9972-46-230-7
082 _a333.758.5/A98
100 _a"Asnaran Castillo, Guillermo"
245 0 _aLa competitividad global agrícola
942 _cLIB
999 _c35217
_d35217